Skúmanie správania používateľov v doméne používateľského zážitku

Na minha lista:
Detalhes bibliográficos
Autor principal: Zubaj, Filip (Author)
Outros Autores: Kuric, Eduard (Thesis advisor)
Formato: Manuscrito Livro
Idioma:eslovaco
Publicado em: 2025
Assuntos:
Acesso em linha:http://is.stuba.sk/zp/portal_zp.pl?podrobnosti=175396
Tags: Adicionar Tag
Sem tags, seja o primeiro a adicionar uma tag!

MARC

LEADER 00000ntm a22000003a 4500
001 stuzp102850
003 SK-STU
005 20250614211558.8
007 ta
008 150427s2015----xo-----f-mn---000-0-slo-d
040 |a STU  |b slo 
041 0 |a slo 
100 1 |a Zubaj, Filip  |u 070200  |4 aut  |U FIIT Fakulta informatiky a informačných technológií  |T FIIT Ústav informatiky, informačných systémov a softvérového inžinierstva  |X 120914  |U I200  |Y 179  |7 120914 
242 0 1 |a User behavior research in the domain of user experience  |y eng 
245 1 0 |a Skúmanie správania používateľov v doméne používateľského zážitku 
260 |c 2025 
650 4 |a fraud  |2 eng 
650 4 |a web extension  |2 eng 
650 4 |a user experience  |2 eng 
650 4 |a podvody  |2 slo 
650 4 |a webové rozšírenie  |2 slo 
650 4 |a používateľský zážitok  |2 slo 
700 1 |a Kuric, Eduard  |u 070200  |k Z1  |4 ths  |U FIIT Fakulta informatiky a informačných technológií  |T FIIT Ústav informatiky, informačných systémov a softvérového inžinierstva  |X 17452  |U I200  |Y 179  |7 17452 
856 4 |u http://is.stuba.sk/zp/portal_zp.pl?podrobnosti=175396